| 000 | 00924naa a22002777a 4500 | ||
|---|---|---|---|
| 001 | BR9301672 | ||
| 003 | BR-BrBNA | ||
| 005 | 20240918181019.0 | ||
| 007 | ta | ||
| 008 | 230509b bl.||||| |||| 00| 0 por d | ||
| 040 |
_aBR-BrBNA _bpor _cBiblioteca Nacional de Agricultura |
||
| 041 | _a(Pt) | ||
| 072 |
_aF03 _b3575 |
||
| 090 | _aF03 BR9301672 | ||
| 100 | 1 | _aCunha, M.A.P. da | |
| 245 | 1 | _aEfeitos da salinidade na germinacao da semente e desenvolvimento inicial do seedling | |
| 260 | 3 |
_aCruz das Almas, BA (Brasil): _c1977. |
|
| 500 | _aInforme cientifico anual, no. 1 Cruz das Almas, BA (Brasil): 1977. p. 118-124 (BR9301672-AM)F03 | ||
| 650 | _aSemente | ||
| 650 | _aGerminacao | ||
| 650 | _aSolo Salino | ||
| 650 | _aEmergencia | ||
| 773 | 0 |
_tInforme cientifico anual, no. 1 _wF03 BR9301672 _gCruz das Almas, BA (Brasil), 1977. p. 118-124 |
|
| 909 |
_a202404 _bLucia _c55 _dLucia Elande |
||
| 942 |
_cAM _2AGRIS |
||
| 999 |
_c323193 _d323193 |
||